Asian Survey : a bimonthly review of contemporary Asian affairs

Bibliographic Details
Format: Book
Published: California : University of California Press , 2006
Subjects:

MARC

LEADER 00000cam a2200000 7i4500
001 0000018909
005 20070416.0
022 0 |a 0004-4687 
040 |a INS 
090 0 0 |a DS1   |b A75 
245 0 0 |a Asian Survey :   |b a bimonthly review of contemporary Asian affairs 
260 |a California :   |b University of California Press ,   |c 2006 
300 |a 1 v. :   |b ill. ;   |c 23 cm. 
310 |a Bimonthly 
651 0 |a Asia   |x History   |x Periodicals 
850 |a LIbrary has 2006 
999 |a SER0002128   |b BOOK   |c Open Shelf   |e Default branch